000 00591nam a2200229Ia 4500
003 OSt
005 20221005123334.0
006 a|||||r|||| 00| 0
007 ta
008 221004b |||||||| |||| 00| 0 eng d
024 _a44860
037 _cTextual
040 _aCRL
_cCRL
_beng
041 _2eng
_aeng
082 _aP:R, J6-;1-;2 under size
100 _aWilson John
245 0 _aLanguage and the pursuit of truth
260 _c1956
650 _aLINGUISTICS
942 _hP:R, J6-;1-;2 under size
_cTEXL
_2cc
999 _c1047116
_d1047116